<?xml version="1.0" encoding="UTF-8"?>
<record
    xmlns:xsi="http://www.w3.org/2001/XMLSchema-instance"
    xsi:schemaLocation="http://www.loc.gov/MARC21/slim http://www.loc.gov/standards/marcxml/schema/MARC21slim.xsd"
    xmlns="http://www.loc.gov/MARC21/slim">

  <leader>00635nac a22001691u 4500</leader>
  <controlfield tag="008">080812t        sy||||| |||  00| 0ara d </controlfield>
  <datafield tag="082" ind1=" " ind2=" ">
    <subfield code="a">121</subfield>
    <subfield code="b">&#x62D; &#x645; &#x62F;</subfield>
  </datafield>
  <datafield tag="245" ind1=" " ind2=" ">
    <subfield code="a">&#x627;&#x644;&#x645;&#x639;&#x631;&#x641;&#x629; &#x648;&#x627;&#x644;&#x62A;&#x62C;&#x631;&#x628;&#x629; :</subfield>
    <subfield code="b">&#x62F;&#x631;&#x627;&#x633;&#x629; &#x641;&#x64A; &#x646;&#x638;&#x631;&#x64A;&#x629; &#x627;&#x644;&#x645;&#x639;&#x631;&#x641;&#x629; &#x639;&#x646;&#x62F; &#x62F;&#x64A;&#x641;&#x64A;&#x62F; &#x647;&#x64A;&#x648;&#x645; /</subfield>
    <subfield code="c">&#x627;&#x646;&#x635;&#x627;&#x641; &#x62D;&#x645;&#x62F; .</subfield>
  </datafield>
  <datafield tag="260" ind1=" " ind2=" ">
    <subfield code="a">&#x62F;&#x645;&#x634;&#x642; :</subfield>
    <subfield code="b">&#x648;&#x632;&#x627;&#x631;&#x629; &#x627;&#x644;&#x62B;&#x642;&#x627;&#x641;&#x629; &#x60C; 2006</subfield>
    <subfield code="c">2006.</subfield>
  </datafield>
  <datafield tag="300" ind1=" " ind2=" ">
    <subfield code="a">448 &#x635; &#x61B;</subfield>
    <subfield code="c">24 &#x633;&#x645;.</subfield>
  </datafield>
  <datafield tag="504" ind1=" " ind2=" ">
    <subfield code="a">&#x628;&#x628;&#x644;&#x64A;&#x648;&#x62C;&#x631;&#x627;&#x641;&#x64A;&#x629;:  &#x635; 437-445</subfield>
  </datafield>
  <datafield tag="511" ind1=" " ind2=" ">
    <subfield code="a">Catalogued by: Sara</subfield>
  </datafield>
  <datafield tag="650" ind1=" " ind2=" ">
    <subfield code="a">&#x627;&#x644;&#x625;&#x62F;&#x631;&#x627;&#x643;</subfield>
    <subfield code="9">16871</subfield>
  </datafield>
  <datafield tag="650" ind1=" " ind2=" ">
    <subfield code="a">&#x627;&#x644;&#x64A;&#x642;&#x64A;&#x646;</subfield>
    <subfield code="9">15996</subfield>
  </datafield>
  <datafield tag="650" ind1=" " ind2=" ">
    <subfield code="a">&#x627;&#x644;&#x645;&#x630;&#x647;&#x628; &#x627;&#x644;&#x62A;&#x62C;&#x631;&#x64A;&#x628;&#x64A;</subfield>
    <subfield code="9">22265</subfield>
  </datafield>
  <datafield tag="942" ind1=" " ind2=" ">
    <subfield code="c">BB</subfield>
    <subfield code="k">121&#x62D; &#x645; &#x62F;</subfield>
    <subfield code="2">ddc</subfield>
  </datafield>
  <datafield tag="999" ind1=" " ind2=" ">
    <subfield code="c">6633</subfield>
    <subfield code="d">6633</subfield>
  </datafield>
  <datafield tag="952" ind1=" " ind2=" ">
    <subfield code="0">0</subfield>
    <subfield code="1">0</subfield>
    <subfield code="2">ddc</subfield>
    <subfield code="4">0</subfield>
    <subfield code="7">0</subfield>
    <subfield code="8">Alef-Baa</subfield>
    <subfield code="a">MAIN</subfield>
    <subfield code="b">MAIN</subfield>
    <subfield code="c">LOW</subfield>
    <subfield code="d">2011-02-23</subfield>
    <subfield code="e">purchase</subfield>
    <subfield code="o">121 &#x62D; &#x645; &#x62F;</subfield>
    <subfield code="p">000008095</subfield>
    <subfield code="r">2025-07-15 00:00:00</subfield>
    <subfield code="s">2011-03-22</subfield>
    <subfield code="y">BB</subfield>
  </datafield>
</record>
